000 01117nam a2200265Ia 4500
999 _c40801
_d40801
001 7441
003 GE_BSU
005 20231208160626.0
008 181216s2013||||ge |||||||||||||| ||geo||
020 _a9789941220142
040 _cGE_BSU
041 _ageo
080 _a326(37)+94(37) ს-96
100 _aსურგულაძე, კახაბერ
_920634
245 _aმონობა ძველ რომში = SLAVER IN ANCIENT ROME /
_c კახაბერ სურგულაძე ; რედ. ემზარ კახიძე.
264 _aთბილისი :
_bუნივერსალი,
_c2013.
300 _a106 გვ. :
_bილ. ;
_c21 სმ.
504 _aბიბლიოგრ. გვ. : 101-104
520 _aრეზიუმე გვ. 100 ინგლისურ ენაზე
653 _aმონობა
653 _aძველი რომის ისტორია
653 _aმონობა ძველ რომში
700 _aკახიძე, ემზარ
_eრედაქტორი
_96722
942 _cBK
_2udc